Central Library OPAC University of Rajshahi

Criticism and ideology : (Record no. 62319)

MARC details
000 -LEADER
fixed length control field 00839nam a2200253 a 4500
001 - CONTROL NUMBER
control field 62319
003 - CONTROL NUMBER IDENTIFIER
rucl marc code BD-RjUL
005 - DATE AND TIME OF LATEST TRANSACTION
control field 20211209081053.0
008 - FIXED-LENGTH DATA ELEMENTS--GENERAL INFORMATION
fixed length control field 760813s1976 enk b 000 0 eng
020 ## - INTERNATIONAL STANDARD BOOK NUMBER
International Standard Book Number 0902308920
035 ## - SYSTEM CONTROL NUMBER
System control number (BD-RjUL)62445
040 ## - CATALOGING SOURCE
Original cataloging agency DLC
Transcribing agency DLC
Modifying agency BD-RjUL
Language of cataloging eng
041 ## - LANGUAGE CODE
Language code of text/sound track or separate title eng
082 00 - DEWEY DECIMAL CLASSIFICATION NUMBER
Classification number 801.95
Edition number 23
Author mark and year EAC 1976
100 1# - MAIN ENTRY--PERSONAL NAME
Personal name Eagleton, Terry,
Dates associated with a name 1943-
9 (RLIN) 185358
245 10 - TITLE STATEMENT
Title Criticism and ideology :
Remainder of title a study in Marxist literary theory /
Statement of responsibility, etc. Terry Eagleton.
260 ## - PUBLICATION, DISTRIBUTION, ETC. (IMPRINT)
Place of publication, distribution, etc. London :
Name of publisher, distributor, etc. NLB :
Place of publication, distribution, etc. Atlantic Highlands :
Name of publisher, distributor, etc. Humanities Press,
Date of publication, distribution, etc. c1976.
300 ## - PHYSICAL DESCRIPTION
Pagination 191 p. ;
Size 22 cm.
504 ## - BIBLIOGRAPHY, ETC. NOTE
Bibliography, etc Includes bibliographical references and index.
650 #0 - SUBJECT ADDED ENTRY--TOPICAL TERM
Topical term or geographic name as entry element Marxist criticism.
9 (RLIN) 185161
Topical term or geographic name as entry element Literature
General subdivision History and criticism
-- Theory, etc.
9 (RLIN) 170807
Topical term or geographic name as entry element Communism and literature.
9 (RLIN) 185359
942 ## - ADDED ENTRY ELEMENTS (KOHA)
Source of classification or shelving scheme Dewey Decimal Classification
Koha item type Books
Holdings
Lost status Source of classification or shelving scheme Damaged status Not for loan Collection code Permanent Location Current Location Shelving location Date acquired Source of acquisition Total Checkouts Full call number Date last seen Copy number Koha item type
  Dewey Decimal Classification   Not For Loan Non-fiction Central Library, University of Rajshahi Central Library, University of Rajshahi Reading Room 31/03/1980 Heffer   801.95 EAC 1976 23/01/2017 C-1 Books